000 005700000a22001810004500
003 MACL
005 20160505114045.0
008 160505b xxu||||| |||| 00| 0 eng d
040 _aMACL
_cMACL
041 _aHindi
082 _a800 ROY
100 _aराय, विवेकी
_945360
245 _aसमय, साहित्‍य और समीक्षा
_cविवकी रराय
260 _bअनिल प्रकाशन
_c2006
_aइलाहाबाद
350 _a250
650 _aLiterature
_955252
942 _cHIN
_k800/ROY/L
_2ddc
999 _c11229
_d11229